书目信息 |
| 题名: |
入门美语会话王
|
|
| 作者: | 霍普森 , 白丽 , 霍普森 Adri S. Hopson 编著 | |
| 分册: | ||
| 出版信息: | 大连 大连理工大学出版社 2008 |
|
| 页数: | 271页 | |
| 开本: | 21cm | |
| 丛书名: | ||
| 单 册: | ||
| 中图分类: | H319.9 | |
| 科图分类: | ||
| 主题词: | 英语--ying yu--口语 | |
| 电子资源: | ||
| ISBN: | 978-7-5611-3924-0 | |
| 000 | 01015nam0 2200265 450 | |
| 001 | 003762140 | |
| 005 | 20080927113356.18 | |
| 010 | @a978-7-5611-3924-0@dCNY24.00 | |
| 016 | @aCN-Q08-08-0021-0@b光盘 | |
| 100 | @a20080519d2008 em y0chiy0110 ea | |
| 101 | 0 | @achi@aeng |
| 102 | @aCN@b210000 | |
| 105 | @aa z 000yy | |
| 200 | 1 | @a入门美语会话王@Aru men mei yu hui hua wang@f(美) 霍普森 Adri S. Hopson, 白丽编著@F(mei)huo pu sen Adri S.Hopson,bai li bian zhu |
| 210 | @a大连@c大连理工大学出版社@d2008 | |
| 215 | @a271页@c图@d21cm | |
| 300 | @a英语想说就说系列 | |
| 330 | @a本书是为英语初级学生爱好者量身定做的,书中的大部分对话是日常美式英语及美国俚语,其主旨是通过介绍一种简洁有效的方法让初学英语的读者流利的用英语交流。 | |
| 606 | 0 | @a英语@Aying yu@x口语 |
| 690 | @aH319.9@v4 | |
| 701 | 1 | @c(美)@a霍普森@Ahuo pu sen@bA. S.@g(Hopson, Adri.S.)@4编著 |
| 701 | 0 | @a白丽@Abai li@4编著 |
| 701 | 0 | @a霍普森 Adri S. Hopson@Ahuo pu sen Adri S.Hopson@4编著 |
| 801 | 0 | @aCN@c20080927 |
| 905 | @dH319.9@eH970 | |
| 入门美语会话王/(美) 霍普森 Adri S. Hopson, 白丽编著.-大连:大连理工大学出版社,2008 |
| 271页:图;21cm |
| 英语想说就说系列 |
| ISBN 978-7-5611-3924-0:CNY24.00 |
| 本书是为英语初级学生爱好者量身定做的,书中的大部分对话是日常美式英语及美国俚语,其主旨是通过介绍一种简洁有效的方法让初学英语的读者流利的用英语交流。 |
| ● |
| 相关链接 |
|
|
|
正题名:入门美语会话王
索取号:H319.9/H970
 
预约/预借
| 序号 | 登录号 | 条形码 | 馆藏地/架位号 | 状态 | 备注 |
| 1 | 840785 | 208407856 | 语言库209/209语言库 59排7列1层/ [索取号:H319.9/H970] | 在馆 | |
| 2 | 840786 | 208407865 | 语言库209/209语言库 59排7列1层/ [索取号:H319.9/H970] | 在馆 | |
| 3 | 840787 | 208407874 | 语言库209/209语言库 59排7列1层/ [索取号:H319.9/H970] | 在馆 |